000 00887nam a2200253 a 4500
001 000024216
005 20200930022821.0
008 110120s1968 ag r 000 0 spa d
040 _aDO-SdBNP
_bspa
_cBNPHU
041 1 7 _aspa
_bfre
_2Código de idiomas MARC
082 _annnn
_bC211r, 1968
100 1 _aCamus, Albert,
_d1913-1960
_94231
240 1 2 _aL´envers et l´endroit.
_lEspañol
245 1 3 _aEl revés y el derecho /
_cAlbert Camus ; traducción de Alberto Luis Bixio.
250 _a3a ed.
260 _aBuenos Aires :
_bLosada,
_c1968.
300 _a126, [2] p. ;
_c20 cm.
490 1 _aCristal del Tiempo
504 _aIncluye notas al pie de las páginas.
534 _pTítulo original en francés.
_tL´envers et l´endroit.
_cParís : Librairie Gallsmard, 1958
700 1 _aBixio, Alberto Luis,
_etr.
_94946
830 0 _aCristal del Tiempo
_938344
049 _aBNGR
999 _c23710
_d23710